[Event "Titled Tuesday intern op 06th Feb Late"]
[Site "Chess.com INT"]
[Date "2024.02.06"]
[Round "5"]
[White "Ankerst, Mihael"]
[Black "Novikova, Margarita"]
[Result "1/2-1/2"]
[WhiteElo "2377"]
[BlackElo "1999"]
[PlyCount "191"]
[EventDate "2024.02.06"]
[EventType "swiss (blitz)"]
[EventRounds "11"]
[EventCountry "USA"]
[SourceTitle "CB07_2024"]
[SourceDate "2024.02.14"]
[SourceVersion "1"]
[SourceVersionDate "2024.02.14"]
[SourceQuality "1"]

1. e4 d5 2. exd5 Qxd5 3. c4 Qd6 4. d4 Nf6 5. Be2 c6 6. Nf3 Bg4 7. Qb3 Qc7 8. Bf4 Qb6 9. Nc3 Qxb3 10. axb3 e6 11. Bxb8 Rxb8 12. Rxa7 Bb4 13. Ne5 Bxe2 14. Kxe2 Nd7 15. f4 Nxe5 16. fxe5 0-0 17. Rd1 Rfd8 18. Ne4 Kf8 19. Rd3 h6 20. h4 Ke7 21. h5 Rd7 22. Ra4 c5 23. dxc5 Rxd3 24. Kxd3 Rd8+ 25. Ke3 Be1 26. Ra7 Rd7 27. Nd6 Bb4 28. Rxb7 Bxc5+ 29. Ke4 Bxd6 30. exd6+ Kxd6 31. Rb6+ Kc7 32. Ra6 Kb7 33. Ra2 Rd2 34. g4 Rg2 35. Kf3 Rh2 36. Kg3 Rd2 37. Kf4 Rd3 38. Ra3 Rd2 39. Ra2 Rd3 40. b4 Rd4+ 41. Ke5 Rxc4 42. Kd6 Rxg4 43. Ke7 Rf4 44. Ra3 Kb6 45. Rg3 g5 46. hxg6 fxg6 47. Rxg6 Rxb4 48. Rxe6+ Kc5 49. Re2 h5 50. Kf6 h4 51. Kg5 h3 52. Kh5 Rb3 53. Rh2 Kc4 54. Kh4 Kb4 55. Kg4 Kc4 56. Kh4 Kb4 57. Kg4 Kc4 58. Rxh3 Rxb2 59. Rh4 Rg2+ 60. Kf5+ Kc3 61. Ke4 Re2+ 62. Kf3 Re8 63. Rh6 Re7 64. Kf2 Re8 65. Rh7 Re6 66. Kf3 Re8 67. Rh6 Re1 68. Kf2 Re8 69. Rh5 Re6 70. Kf3 Re8 71. Rh7 Re6 72. Kf2 Re8 73. Rh6 Re7 74. Kg3 Re5 75. Rd6 Re8 76. Kf4 Kc4 77. Kf5 Kc5 78. Rd1 Re2 79. Kf6 Re8 80. Kg5 Re2 81. Kg6 Re8 82. Rd2 Re1 83. Kf5 Re8 84. Rd1 Re2 85. Kf6 Re8 86. Kf7 Re2 87. Kg7 Re8 88. Kg6 Re2 89. Rd8 Re7 90. Kf5 Re2 91. Kf6 Re3 92. Rc8+ Kd6 93. Rc2 Re1 94. Rd2+ Kc5 95. Kf5 Re8 96. Rd1 1/2-1/2

[Event "Titled Tuesday intern op 06th Feb Late"]
[Site "Chess.com INT"]
[Date "2024.02.06"]
[Round "2"]
[White "Blackburn, Jonathan LB"]
[Black "Ankerst, Mihael"]
[Result "0-1"]
[WhiteElo "2178"]
[BlackElo "2377"]
[PlyCount "39"]
[EventDate "2024.02.06"]
[EventType "swiss (blitz)"]
[EventRounds "11"]
[EventCountry "USA"]
[SourceTitle "CB07_2024"]
[SourceDate "2024.02.14"]
[SourceVersion "1"]
[SourceVersionDate "2024.02.14"]
[SourceQuality "1"]

1. d4 Nf6 2. Bg5 g6 3. e3 Bg7 4. Be2 0-0 5. h4 d6 6. h5 c5 7. hxg6 hxg6 8. dxc5 dxc5 9. Qxd8 Rxd8 10. Bc4 Ne4 11. Bxe7 Re8 12. Bh4 Bxb2 13. f3 Nd6 14. c3 Kg7 15. Bd5 Bxa1 16. Bg3 Nf5 17. Ne2 Nc6 18. e4 Nxg3 19. Nxg3 Be6 20. c4 0-1

[Event "Titled Tuesday intern op 05th Sep Early"]
[Site "Chess.com INT"]
[Date "2023.09.05"]
[Round "4"]
[White "Malka, Samuel"]
[Black "Ankerst, Mihael"]
[Result "1-0"]
[WhiteElo "2200"]
[BlackElo "2370"]
[PlyCount "113"]
[EventDate "2023.09.05"]
[EventType "swiss (blitz)"]
[EventRounds "11"]
[EventCountry "USA"]
[SourceTitle "EXT 2024"]
[Source "ChessBase"]
[SourceDate "2023.10.10"]
[SourceVersion "1"]
[SourceVersionDate "2023.10.10"]
[SourceQuality "1"]

1. d4 Nf6 2. c4 g6 3. Nc3 Bg7 4. e4 d6 5. Bd3 0-0 6. Nge2 Nbd7 7. 0-0 a6 8. f3 c5 9. Be3 Rb8 10. a4 Qc7 11. b3 e6 12. Qd2 Re8 13. Kh1 b6 14. Bc2 Bb7 15. Rad1 Rbd8 16. Bf2 cxd4 17. Nxd4 d5 18. Bg3 Qc5 19. Bf2 Qc7 20. Bg3 Qc5 21. Bf2 Qc8 22. Qe2 dxc4 23. bxc4 Ne5 24. Bb3 Qc7 25. Rc1 Rc8 26. Na2 Red8 27. Rfd1 Bh6 28. Rc2 Qe7 29. g3 Qa3 30. Rb1 Nfd7 31. Be1 Qe7 32. Nc3 Nc5 33. Bf2 Nxb3 34. Rxb3 Nxc4 35. Nd1 Bg7 36. Rxc4 Rxc4 37. Qxc4 Rc8 38. Qe2 Rd8 39. Rd3 Qd7 40. Nb2 Qc8 41. Rd1 h5 42. Nc4 Qc7 43. Kg2 Rc8 44. Ne3 h4 45. f4 Qc3 46. Kh3 Bxd4 47. Rd3 Qc5 48. Rxd4 Qxd4 49. Nf5 Qc5 50. Bxc5 Rxc5 51. Nxh4 b5 52. axb5 Rxb5 53. Nf3 Kg7 54. Ng5 Rb6 55. Qe3 Rc6 56. Qd4+ f6 57. Qd7+ 1-0

[Event "Titled Tuesday intern op 29th Aug Late"]
[Site "Chess.com INT"]
[Date "2023.08.29"]
[Round "4"]
[White "Gutierrez Olivares, Daniel"]
[Black "Ankerst, Mihael"]
[Result "1-0"]
[WhiteElo "2354"]
[BlackElo "2370"]
[PlyCount "73"]
[EventDate "2023.08.29"]
[EventType "swiss (blitz)"]
[EventRounds "11"]
[EventCountry "USA"]
[SourceTitle "EXT 2024"]
[Source "ChessBase"]
[SourceDate "2023.10.10"]
[SourceVersion "1"]
[SourceVersionDate "2023.10.10"]
[SourceQuality "1"]

1. Nf3 Nf6 2. c4 g6 3. g3 Bg7 4. Bg2 d6 5. 0-0 0-0 6. Nc3 e5 7. Rb1 a5 8. a3 Nc6 9. b4 axb4 10. axb4 Nd4 11. Ne1 c6 12. e3 Nf5 13. d3 d5 14. cxd5 cxd5 15. Nc2 h5 16. e4 dxe4 17. dxe4 Nd4 18. Ne3 h4 19. Ncd5 h3 20. Bh1 Ne8 21. Nc4 Be6 22. Be3 b5 23. Na5 Rc8 24. Nb7 Qd7 25. Nc5 Qd8 26. f4 Bxd5 27. exd5 Qd6 28. Ne4 Qb8 29. Ng5 Nf5 30. Bc5 exf4 31. Rxf4 Ned6 32. Qg4 Rxc5 33. bxc5 Qa7 34. Rc1 Rc8 35. Ne4 Nxe4 36. Bxe4 Rxc5 37. Rcf1 1-0

[Event "Titled Tuesday intern op 29th Aug Late"]
[Site "Chess.com INT"]
[Date "2023.08.29"]
[Round "1"]
[White "Mendes Domingues, Ribeiro Matheus"]
[Black "Ankerst, Mihael"]
[Result "0-1"]
[WhiteElo "2115"]
[BlackElo "2370"]
[PlyCount "174"]
[EventDate "2023.08.29"]
[EventType "swiss (blitz)"]
[EventRounds "11"]
[EventCountry "USA"]
[SourceTitle "EXT 2024"]
[Source "ChessBase"]
[SourceDate "2023.10.10"]
[SourceVersion "1"]
[SourceVersionDate "2023.10.10"]
[SourceQuality "1"]

1. c4 e5 2. Nc3 Nf6 3. Nf3 d6 4. g3 g6 5. Bg2 Bg7 6. 0-0 0-0 7. d4 Nbd7 8. b3 Re8 9. Bb2 e4 10. Nd2 e3 11. fxe3 Ng4 12. Nde4 Nxe3 13. Qd3 Nxf1 14. Rxf1 Nf6 15. Nxf6+ Bxf6 16. Ne4 Bg7 17. Nd2 c6 18. e4 c5 19. Nf3 Bg4 20. Qd2 Bxf3 21. Bxf3 Bxd4+ 22. Bxd4 cxd4 23. Qxd4 Qb6 24. Qxb6 axb6 25. a4 Kf8 26. Rd1 Ke7 27. Kf2 Rac8 28. Ke3 Rc5 29. Kd4 Kd7 30. Rf1 Kc7 31. Bg4 Re7 32. Rf6 Rce5 33. Bf3 R5e6 34. Rf4 g5 35. Rf5 Re5 36. Rf6 g4 37. Bg2 Rh5 38. Bf1 Rxh2 39. Rf4 Rb2 40. Rxg4 Rxb3 41. Bd3 Rb2 42. Rh4 f6 43. Rh6 Rf7 44. Kd5 Kd7 45. Kd4 Ra2 46. Ke3 Rxa4 47. Be2 Ra2 48. c5 bxc5 49. Bg4+ Ke7 50. Kf4 Rg7 51. Bf5 Rf2+ 52. Ke3 Rf1 53. Bxh7 Rxg3+ 54. Ke2 Rf4 55. Bf5 Rg7 56. Rh8 Rxf5 57. exf5 Rg5 58. Rb8 Kd7 59. Rxb7+ Kc6 60. Rb8 Rxf5 61. Rc8+ Kd5 62. Kd3 Rf3+ 63. Ke2 Ra3 64. Rf8 Ke5 65. Re8+ Kd4 66. Rd8 Ra2+ 67. Kf3 d5 68. Rf8 Ra1 69. Ke2 c4 70. Kd2 Ra2+ 71. Kd1 Rf2 72. Ke1 Rf4 73. Kd2 c3+ 74. Kd1 Kd3 75. Ke1 d4 76. Rd8 Rf5 77. Rd7 Rf4 78. Rd8 f5 79. Rd7 Re4+ 80. Kf2 c2 81. Rc7 Kd2 82. Kg3 d3 83. Rf7 c1Q 84. Rxf5 Qg1+ 85. Kh3 Qg4+ 86. Kh2 Re2+ 87. Kh1 Qg2# 0-1

[Event "Titled Tuesday intern op 15th Aug Early"]
[Site "Chess.com INT"]
[Date "2023.08.15"]
[Round "5"]
[White "Ankerst, Mihael"]
[Black "Sarkar, Justin"]
[Result "1-0"]
[WhiteElo "2370"]
[BlackElo "2288"]
[PlyCount "59"]
[EventDate "2023.08.15"]
[EventType "swiss (blitz)"]
[EventRounds "11"]
[EventCountry "USA"]
[SourceTitle "EXT 2024"]
[Source "ChessBase"]
[SourceDate "2023.10.10"]
[SourceVersion "1"]
[SourceVersionDate "2023.10.10"]
[SourceQuality "1"]

1. e4 c5 2. Nf3 d6 3. d4 cxd4 4. Nxd4 Nf6 5. Nc3 a6 6. Bc4 b5 7. Bb3 e6 8. Bg5 Be7 9. Qf3 Qc7 10. 0-0-0 0-0 11. e5 Bb7 12. exf6 gxf6 13. Nd5 fxg5 14. Nxc7 Bxf3 15. Nxa8 Bxa8 16. f3 Nc6 17. Nxc6 Bxc6 18. Rhe1 d5 19. c3 Bd6 20. h3 Bg3 21. Re2 Kg7 22. a3 h5 23. Bc2 h4 24. Bd3 e5 25. Bf5 Rd8 26. Kc2 Kf6 27. Bd3 Ke6 28. a4 f5 29. axb5 axb5 30. Kb1 1-0

[Event "Titled Tuesday intern op 15th Aug Late"]
[Site "Chess.com INT"]
[Date "2023.08.15"]
[Round "4"]
[White "Goltsev, Dmitry"]
[Black "Ankerst, Mihael"]
[Result "1-0"]
[WhiteElo "2251"]
[BlackElo "2370"]
[PlyCount "87"]
[EventDate "2023.08.15"]
[EventType "swiss (blitz)"]
[EventRounds "11"]
[EventCountry "USA"]
[SourceTitle "EXT 2024"]
[Source "ChessBase"]
[SourceDate "2023.10.10"]
[SourceVersion "1"]
[SourceVersionDate "2023.10.10"]
[SourceQuality "1"]

1. d4 Nf6 2. Bf4 b6 3. Nf3 Bb7 4. c4 e6 5. a3 c5 6. Nc3 cxd4 7. Nb5 d6 8. Qxd4 e5 9. Nxe5 a6 10. Nxf7 Kxf7 11. Nxd6+ Bxd6 12. Bxd6 Nc6 13. Qf4 Re8 14. 0-0-0 Qc8 15. f3 Na5 16. e3 b5 17. c5 Qe6 18. e4 Kg8 19. Kb1 Rac8 20. Bd3 Nd7 21. e5 g6 22. Rhe1 Nb3 23. Bc2 Nbxc5 24. Qe3 Bd5 25. b4 Na4 26. Rxd5 Qxd5 27. Bb3 Rc4 28. Rd1 Qe6 29. Qd3 Nab6 30. f4 Nb8 31. g4 Nc6 32. f5 gxf5 33. gxf5 Qf7 34. Rg1+ Kh8 35. Qg3 Rg8 36. Qf2 Nd4 37. Bxc4 Qxc4 38. Rxg8+ Kxg8 39. e6 Kh8 40. Be5+ Kg8 41. Qg3+ Kf8 42. Qg7+ Ke8 43. Qf7+ Kd8 44. Qf8# 1-0

[Event "Titled Tuesday intern op 25th Jul Late"]
[Site "Chess.com INT"]
[Date "2023.07.25"]
[Round "1"]
[White "Ankerst, Mihael"]
[Black "Cappelletto, Joshuaede"]
[Result "0-1"]
[WhiteElo "2370"]
[BlackElo "2286"]
[PlyCount "50"]
[EventDate "2023.07.25"]
[EventType "swiss (blitz)"]
[EventRounds "11"]
[EventCountry "USA"]
[SourceTitle "EXT 2024"]
[Source "ChessBase"]
[SourceDate "2023.10.10"]
[SourceVersion "1"]
[SourceVersionDate "2023.10.10"]
[SourceQuality "1"]

1. e4 c5 2. Nf3 e6 3. d4 cxd4 4. Nxd4 a6 5. c4 Nf6 6. Nc3 Bb4 7. Nc2 Bxc3+ 8. bxc3 d6 9. f3 0-0 10. Ba3 Ne8 11. e5 Qh4+ 12. g3 Qh6 13. exd6 Bd7 14. Bg2 Nc6 15. 0-0 Rc8 16. f4 Na5 17. Ne3 Nxc4 18. Nxc4 Rxc4 19. Bxb7 Rxc3 20. Bb2 Rc5 21. Qd4 Rb5 22. Bxa6 Rd5 23. Qa7 Rxd6 24. Ba3 Rd2 25. Rad1 Qxh2# 0-1

[Event "Titled Tuesday intern op 27th Jun Early"]
[Site "Chess.com INT"]
[Date "2023.06.27"]
[Round "1"]
[White "Ankerst, Mihael"]
[Black "Schnaider, Ilan"]
[Result "0-1"]
[WhiteElo "2370"]
[BlackElo "2224"]
[PlyCount "68"]
[EventDate "2023.06.27"]
[EventType "swiss (blitz)"]
[EventRounds "11"]
[EventCountry "USA"]
[SourceTitle "EXT 2024"]
[Source "ChessBase"]
[SourceDate "2023.10.10"]
[SourceVersion "1"]
[SourceVersionDate "2023.10.10"]
[SourceQuality "1"]

1. e4 d5 2. exd5 Qxd5 3. c4 Qa5 4. Nc3 e5 5. Nf3 c6 6. d4 exd4 7. Nxd4 Nf6 8. Be2 Be7 9. 0-0 0-0 10. Bf4 Rd8 11. Nb3 Qf5 12. Qc1 Be6 13. Re1 Na6 14. Be3 Bd6 15. Nd4 Qe5 16. f4 Qa5 17. Nxe6 fxe6 18. Bf3 Nb4 19. Rd1 e5 20. f5 e4 21. Bxe4 Qe5 22. Rxd6 Rxd6 23. Bf4 Qd4+ 24. Kh1 Nxe4 25. Bxd6 Nxd6 26. Ne2 Qe5 27. Ng3 Nd3 28. Qc2 Qd4 29. Rf1 Re8 30. Qd2 Nxc4 31. Qg5 Nf2+ 32. Kg1 Nh3+ 33. Kh1 Qg1+ 34. Rxg1 Nf2# 0-1

[Event "Titled Tuesday intern op 27th Jun Early"]
[Site "Chess.com INT"]
[Date "2023.06.27"]
[Round "2"]
[White "Deng, Henry"]
[Black "Ankerst, Mihael"]
[Result "0-1"]
[WhiteElo "2163"]
[BlackElo "2370"]
[PlyCount "88"]
[EventDate "2023.06.27"]
[EventType "swiss (blitz)"]
[EventRounds "11"]
[EventCountry "USA"]
[SourceTitle "EXT 2024"]
[Source "ChessBase"]
[SourceDate "2023.10.10"]
[SourceVersion "1"]
[SourceVersionDate "2023.10.10"]
[SourceQuality "1"]

1. e4 c5 2. Nf3 Qb6 3. Nc3 Nc6 4. Bb5 e6 5. 0-0 Nge7 6. Re1 Nd4 7. Bc4 Nec6 8. d3 Be7 9. a4 a6 10. Nxd4 cxd4 11. Ne2 0-0 12. c3 Rd8 13. cxd4 Nxd4 14. Be3 Nxe2+ 15. Rxe2 Qa5 16. d4 d5 17. exd5 exd5 18. Bd3 Bg4 19. f3 Be6 20. Qb1 h6 21. Rc2 Re8 22. Bf2 Rac8 23. Rxc8 Rxc8 24. Qd1 Qb4 25. Rb1 Bf6 26. Kh1 Bd7 27. Bc2 Qc4 28. Rc1 Kf8 29. Be3 Qb4 30. Rb1 Rc4 31. Bd3 Rc8 32. Bc2 Qc4 33. Bb3 Qc6 34. h3 Qd6 35. Qd2 Bf5 36. Rc1 Re8 37. Bf4 Qb6 38. Bxd5 Bxd4 39. Rc7 Be6 40. Bxe6 Rxe6 41. Rc8+ Ke7 42. Rc4 Bc5 43. b4 Bd6 44. Be3 Qxe3 0-1

[Event "Titled Tuesday intern op 09th May Early"]
[Site "Chess.com INT"]
[Date "2023.05.09"]
[Round "2"]
[White "Ankerst, Mihael"]
[Black "Srihari, LR."]
[Result "0-1"]
[WhiteElo "2370"]
[BlackElo "2416"]
[PlyCount "70"]
[EventDate "2023.05.09"]
[EventType "swiss (blitz)"]
[EventRounds "11"]
[EventCountry "USA"]
[SourceTitle "CBM 214 Extra"]
[Source "ChessBase"]
[SourceDate "2023.07.31"]
[SourceVersion "1"]
[SourceVersionDate "2023.07.31"]
[SourceQuality "1"]

1. e4 c5 2. Nf3 e6 3. d4 cxd4 4. Nxd4 a6 5. c4 Nf6 6. Nc3 Qc7 7. Be2 Nc6 8. 0-0 Nxd4 9. Qxd4 Bd6 10. g3 h5 11. Bg5 Be5 12. Qd2 h4 13. f4 Bxc3 14. Qxc3 Qc5+ 15. Kg2 hxg3 16. hxg3 Nxe4 17. Qxg7 Qf8 18. Qxf8+ Rxf8 19. Bh4 b6 20. Rad1 Bb7 21. Bf3 Rh8 22. Rd4 f5 23. Rfd1 Bc6 24. b3 Kf7 25. Rxd7+ Bxd7 26. Rxd7+ Kg6 27. Bxe4 fxe4 28. Rd6 Kf5 29. Rxb6 Ra7 30. Rd6 Rhh7 31. Rd2 Rhd7 32. Re2 Rd3 33. Kh3 Rad7 34. Bg5 e5 35. Re1 Rh7+ 0-1

[Event "Titled Tuesday intern op 02nd May Late"]
[Site "Chess.com INT"]
[Date "2023.05.02"]
[Round "1"]
[White "Ankerst, Mihael"]
[Black "Mihajlov, Sebastian"]
[Result "0-1"]
[WhiteElo "2370"]
[BlackElo "2373"]
[PlyCount "74"]
[EventDate "2023.05.02"]
[EventType "swiss (blitz)"]
[EventRounds "11"]
[EventCountry "USA"]
[SourceTitle "EXT 2024"]
[Source "ChessBase"]
[SourceDate "2023.10.10"]
[SourceVersion "1"]
[SourceVersionDate "2023.10.10"]
[SourceQuality "1"]

1. e4 e6 2. d4 d5 3. Nc3 Nf6 4. e5 Nfd7 5. f4 c5 6. Nf3 Nc6 7. Be3 h6 8. Ne2 cxd4 9. Nexd4 Bc5 10. c3 a6 11. Bd3 b5 12. a3 Qc7 13. 0-0 Bb7 14. Kh1 Be7 15. Rc1 Nc5 16. Bc2 Ne4 17. Nxc6 Bxc6 18. Nd4 Bb7 19. Qg4 g6 20. Bd3 h5 21. Qe2 Qd7 22. Kg1 Rc8 23. Rf3 Bc5 24. Rcf1 Qe7 25. Rh3 0-0 26. Kh1 Kg7 27. f5 exf5 28. Rxf5 Bxd4 29. Bxd4 gxf5 30. Qxh5 Rh8 31. e6+ f6 32. Qxf5 Rxh3 33. Qg4+ Kf8 34. Qxh3 Qg7 35. Qh5 Ke7 36. g4 Rh8 37. Qf5 Ng3+ 0-1

[Event "Titled Tuesday intern op 17th Jan Late"]
[Site "Chess.com INT"]
[Date "2023.01.17"]
[Round "2"]
[White "Ankerst, Mihael"]
[Black "Ferreira, Thales Bond Dias"]
[Result "1-0"]
[WhiteElo "2370"]
[BlackElo "2085"]
[PlyCount "51"]
[EventDate "2023.01.17"]
[EventType "swiss (blitz)"]
[EventRounds "11"]
[EventCountry "USA"]
[SourceTitle "CBM 212 Extra"]
[Source "ChessBase"]
[SourceDate "2023.03.31"]
[SourceVersion "1"]
[SourceVersionDate "2023.03.31"]
[SourceQuality "1"]

1. e4 c6 2. d4 d5 3. e5 Bf5 4. Nf3 e6 5. Be2 Ne7 6. 0-0 h6 7. Nbd2 Bh7 8. Nb3 Nd7 9. a4 Nf5 10. a5 a6 11. c3 Be7 12. Bd3 0-0 13. g4 Nh4 14. Nxh4 Bxh4 15. f4 Bxd3 16. Qxd3 f6 17. exf6 Nxf6 18. Nc5 Nxg4 19. Nxe6 Qf6 20. Nxf8 Rxf8 21. Bd2 Re8 22. Be1 Re3 23. Qd2 Rh3 24. Qg2 Rxh2 25. Qxg4 Bxe1 26. Kxh2 1-0

[Event "Titled Tuesday intern op 17th Jan Late"]
[Site "Chess.com INT"]
[Date "2023.01.17"]
[Round "1"]
[White "Kobalia, Mihail"]
[Black "Ankerst, Mihael"]
[Result "1-0"]
[WhiteElo "2577"]
[BlackElo "2370"]
[PlyCount "47"]
[EventDate "2023.01.17"]
[EventType "swiss (blitz)"]
[EventRounds "11"]
[EventCountry "USA"]
[SourceTitle "CBM 212 Extra"]
[Source "ChessBase"]
[SourceDate "2023.03.31"]
[SourceVersion "1"]
[SourceVersionDate "2023.03.31"]
[SourceQuality "1"]

1. e4 c5 2. Nf3 Qb6 3. c3 e6 4. d4 d5 5. exd5 exd5 6. Bd3 c4 7. Bc2 Bd6 8. 0-0 Ne7 9. b3 cxb3 10. axb3 Nbc6 11. c4 Qd8 12. c5 Bc7 13. Nc3 Bg4 14. Nb5 Bb8 15. Re1 0-0 16. Bxh7+ Kh8 17. Bb1 a6 18. Bg5 Kg8 19. Qd3 g6 20. Bf6 Qd7 21. Qd2 Nf5 22. Nh4 Kh7 23. Bxf5 Qxf5 24. Nxf5 1-0

[Event "Titled Tuesday intern op 10th Jan Early"]
[Site "Chess.com INT"]
[Date "2023.01.10"]
[Round "2"]
[White "Ankerst, Mihael"]
[Black "Mika, Tomasz1111"]
[Result "0-1"]
[WhiteElo "2370"]
[BlackElo "2173"]
[PlyCount "50"]
[EventDate "2023.01.10"]
[EventType "swiss (blitz)"]
[EventRounds "11"]
[EventCountry "USA"]
[SourceTitle "EXT 2024"]
[Source "ChessBase"]
[SourceDate "2023.10.10"]
[SourceVersion "1"]
[SourceVersionDate "2023.10.10"]
[SourceQuality "1"]

1. e4 c6 2. d4 d5 3. e5 Bf5 4. Nf3 e6 5. Be2 c5 6. c4 cxd4 7. Nxd4 Bb4+ 8. Nc3 Ne7 9. 0-0 Bxc3 10. bxc3 0-0 11. Nxf5 Nxf5 12. Bf3 Nh4 13. Rb1 Nxf3+ 14. Qxf3 Nc6 15. cxd5 exd5 16. Bf4 Qd7 17. Rfd1 Rfd8 18. Bg5 Nxe5 19. Qg3 Re8 20. Bf6 Ng6 21. Bd4 b6 22. h4 h5 23. a4 Re4 24. a5 Rg4 25. Qf3 Nxh4 0-1

[Event "Titled Tuesday intern op 10th Jan Late"]
[Site "Chess.com INT"]
[Date "2023.01.10"]
[Round "2"]
[White "Fiorito, Francisco"]
[Black "Ankerst, Mihael"]
[Result "1-0"]
[WhiteElo "2295"]
[BlackElo "2370"]
[PlyCount "123"]
[EventDate "2023.01.10"]
[EventType "swiss (blitz)"]
[EventRounds "11"]
[EventCountry "USA"]
[SourceTitle "EXT 2024"]
[Source "ChessBase"]
[SourceDate "2023.10.10"]
[SourceVersion "1"]
[SourceVersionDate "2023.10.10"]
[SourceQuality "1"]

1. Nf3 Nf6 2. g3 g6 3. Bg2 Bg7 4. 0-0 0-0 5. c4 d6 6. d4 Nbd7 7. Nc3 e5 8. e4 c6 9. Qc2 exd4 10. Nxd4 Re8 11. Rd1 Qb6 12. h3 a5 13. Be3 Nc5 14. f4 Qb4 15. b3 Bf5 16. Nxf5 gxf5 17. Rab1 Nfxe4 18. Nxe4 Nxe4 19. Kh2 Re6 20. Re1 Rae8 21. g4 Qc3 22. Qd1 Qf6 23. g5 Qg6 24. Qf3 a4 25. h4 h5 26. Rbd1 a3 27. Bg1 Nc3 28. Rxe6 Qxe6 29. Rd2 Qe1 30. Rf2 Re2 31. Rxe2 Qxe2 32. Qxe2 Nxe2 33. Be3 Nc3 34. Bc1 Ne2 35. Bxa3 Nxf4 36. Bxd6 Nd3 37. Bf3 Nc1 38. Bxh5 Nxa2 39. g6 fxg6 40. Bxg6 Nc1 41. b4 Nd3 42. Kg2 Be5 43. Bxe5 Nxe5 44. Bxf5 Nxc4 45. Be6+ Kf8 46. Bxc4 Ke7 47. Kf3 Kd6 48. Ke4 b6 49. h5 c5 50. b5 Ke7 51. Kd5 Kd7 52. h6 Ke7 53. h7 Kf6 54. h8Q+ Kg5 55. Bd3 Kf4 56. Qe5+ Kf3 57. Be2+ Kf2 58. Bh5 Kg1 59. Ke4 Kh1 60. Qb2 Kg1 61. Bf3 c4 62. Qg2# 1-0

[Event "Titled Tuesday intern op 03rd Jan Late"]
[Site "Chess.com INT"]
[Date "2023.01.03"]
[Round "4"]
[White "Ankerst, Mihael"]
[Black "Kalogeris, Ioannis"]
[Result "0-1"]
[WhiteElo "2370"]
[BlackElo "2409"]
[PlyCount "52"]
[EventDate "2023.01.03"]
[EventType "swiss (blitz)"]
[EventRounds "11"]
[EventCountry "USA"]
[SourceTitle "EXT 2024"]
[Source "ChessBase"]
[SourceDate "2023.10.10"]
[SourceVersion "1"]
[SourceVersionDate "2023.10.10"]
[SourceQuality "1"]

1. e4 e5 2. Nf3 Nc6 3. Nc3 Nf6 4. d4 Bb4 5. Nxe5 Qe7 6. Qd3 Nxe5 7. dxe5 Qxe5 8. Bd2 0-0 9. f3 d5 10. f4 Qe7 11. e5 Bxc3 12. Bxc3 Ne4 13. Be2 Bf5 14. 0-0 Rfd8 15. Be1 Qe6 16. Kh1 Nf2+ 17. Bxf2 Bxd3 18. cxd3 Rac8 19. g4 c5 20. Bg3 f5 21. gxf5 Qxf5 22. Rad1 c4 23. dxc4 dxc4 24. Bxc4+ Kf8 25. Kg1 Rxd1 26. Rxd1 Rxc4 0-1

[Event "Titled Tuesday intern op 03rd Jan Late"]
[Site "Chess.com INT"]
[Date "2023.01.03"]
[Round "7"]
[White "Harish, Neeraj"]
[Black "Ankerst, Mihael"]
[Result "0-1"]
[WhiteElo "1981"]
[BlackElo "2370"]
[PlyCount "60"]
[EventDate "2023.01.03"]
[EventType "swiss (blitz)"]
[EventRounds "11"]
[EventCountry "USA"]
[SourceTitle "EXT 2024"]
[Source "ChessBase"]
[SourceDate "2023.10.10"]
[SourceVersion "1"]
[SourceVersionDate "2023.10.10"]
[SourceQuality "1"]

1. e4 c5 2. Nf3 Qb6 3. d4 cxd4 4. Nxd4 Nf6 5. Nc3 e5 6. Nf3 Bc5 7. Qe2 0-0 8. g3 d6 9. Bg2 Bd4 10. Nxd4 exd4 11. Nd1 Bg4 12. f3 Be6 13. Bg5 Nbd7 14. 0-0 d3+ 15. Qe3 dxc2 16. Qxb6 cxd1Q 17. Qxb7 Qd4+ 18. Kh1 Rfb8 19. Qa6 Rxb2 20. Rad1 Qb6 21. Qxb6 Rxb6 22. f4 Rc8 23. Bxf6 Nxf6 24. e5 dxe5 25. fxe5 Ng4 26. Rf4 Ne3 27. Re1 Nxg2 28. Kxg2 Rb2+ 29. Rf2 Rcc2 30. Ref1 Rxa2 0-1

[Event "Titled Tuesday intern op 03rd Jan Early"]
[Site "Chess.com INT"]
[Date "2023.01.03"]
[Round "5"]
[White "Iskusnyh, Sergei"]
[Black "Ankerst, Mihael"]
[Result "1-0"]
[WhiteElo "2443"]
[BlackElo "2370"]
[PlyCount "83"]
[EventDate "2023.01.03"]
[EventType "swiss (blitz)"]
[EventRounds "11"]
[EventCountry "USA"]
[SourceTitle "EXT 2024"]
[Source "ChessBase"]
[SourceDate "2023.10.10"]
[SourceVersion "1"]
[SourceVersionDate "2023.10.10"]
[SourceQuality "1"]

1. e4 c5 2. Nf3 Qb6 3. Nc3 Nc6 4. Bb5 e6 5. 0-0 Nge7 6. Re1 Ng6 7. Bxc6 bxc6 8. d3 Be7 9. Na4 Qa5 10. c4 e5 11. Bd2 Qc7 12. a3 a5 13. b4 axb4 14. axb4 cxb4 15. c5 0-0 16. Bxb4 Nf4 17. Nb6 Rb8 18. Bc3 Bxc5 19. Nxc8 Rfxc8 20. Bxe5 Bd6 21. Bc3 c5 22. g3 Ne6 23. Nh4 g6 24. Qd2 Nd4 25. Bxd4 cxd4 26. Rec1 Qb6 27. Nf3 Bb4 28. Qh6 Bf8 29. Qh4 Qb2 30. Rd1 Rc2 31. Rf1 Qc3 32. Rad1 Rbb2 33. Qf4 Bg7 34. Ng5 Qb3 35. Qd6 h6 36. Nh3 Rd2 37. Rxd2 Rxd2 38. Nf4 Qb5 39. Rc1 Be5 40. Rc8+ Kh7 41. Qf8 h5 42. Qxf7+ 1-0